Państwa posiadające broń jądrową - Statystyki

Ogólne statystyki
  • Ten quiz został rozwiązany 42 razy
  • Średni wynik to 8 z 9
Statystyki odpowiedzi
Państwo % Poprawnych
Korea Północna
100%
Rosja
100%
Stany Zjednoczone
100%
Chiny
95%
Francja
95%
Wielka Brytania
90%
Pakistan
87%
Indie
79%
Izrael
77%
Nie znaleziono quizów pasujących do podanych kryteriów
Rozkład punktacji
Procent ludzi z każdym wynikiem
Percentyl według liczby udzielonych odpowiedzi
Twoja historia wyników
Nie rozwiązałeś tego quizu